Ordenanzas para el gobierno del Real Sitio de Aranjuez. (Record no. 163078)

MARC details
000 -LEADER
campo de control de longitud fija 00814nam a2200193 i 4500
001 - NÚMERO DE CONTROL
campo de control 163078
003 - IDENTIFICADOR DE NÚMERO DE CONTROL
campo de control ES-MaACL
005 - FECHA Y HORA DE LA ÚLTIMA TRANSACCIÓN
campo de control 20230906212650.0
008 - DATOS DE LONGITUD FIJA--INFORMACIÓN GENERAL
campo de control de longitud fija 931025s1795 sp f |||| | spa d
245 00 - MENCIÓN DEL TÍTULO
Título Ordenanzas para el gobierno del Real Sitio de Aranjuez.
260 ## - PUBLICACIÓN, DISTRIBUCIÓN, ETC.
Lugar de publicación, distribución, etc. Madrid :
Nombre del editor, distribuidor, etc. en la Imprenta Real,
Fecha de publicación, distribución, etc. 1795.
300 ## - DESCRIPCIÓN FÍSICA
Extensión 272, [4], 275 p., [2] h. de grab. ;
Dimensiones 4º.
505 8# - NOTA DE CONTENIDO CON FORMATO
Nota de contenido con formato Contiene además: Apéndice de varias reales cédulas...
597 ## - NOTA DE DESCRIPCIÓN FÍSICA
NOTA DE DESCRIPCIÓN FÍSICA Sign. : ]1, A-Z4, 2A-2L4, 2M1, ]\p1, a-z4, 2a-2l4, 2m2.
597 ## - NOTA DE DESCRIPCIÓN FÍSICA
NOTA DE DESCRIPCIÓN FÍSICA Port. con esc. real xil.
599 ## - NOTA A LAS ILUSTRACIONES
NOTA A LAS ILUSTRACIONES La h. de grab. calc.: "Ants. Carnicero delts., Ferds. Selma sculpt.", retratos de Carlos IV y del duque de Alcudia.
650 #4 - PUNTO DE ACCESO ADICIONAL DE MATERIA--TÉRMINO DE MATERIA
Término de materia o nombre geográfico como elemento de entrada Ordenanzas municipales-
Subdivisión geográfica Aranjuez.
9 (RLIN) 163544
852 ## - LOCALIZACIÓN
Ubicación ES-MaACL
Número de control de estantería R-1582
Nota libre - Enc. piel
Encuadernación Olim: G-10621
Holdings
Estatus retirado Estado de pérdida Estado de daño No para préstamo Colección Biblioteca de origen Biblioteca actual Ubicación en estantería Fecha de adquisición Fuente de adquisición Total de préstamos Signatura topográfica completa Código de barras Visto por última vez Precio de reemplazo Tipo de ítem Koha
        Libros del s. XVIII Biblioteca del Ateneo de Madrid Biblioteca del Ateneo de Madrid Depósito 17/01/2008     R-1582 1170882 23/02/2023 23/02/2023 Libro impreso antiguo